<?xml version="1.0" encoding="UTF-8"?>
<collection xmlns="http://www.loc.gov/MARC21/slim">
 <record>
  <leader>02038nam a2200217Ia 4500</leader>
  <controlfield tag="001">CTU_187882</controlfield>
  <controlfield tag="008">210402s9999    xx            000 0 und d</controlfield>
  <datafield tag="020" ind1=" " ind2=" ">
   <subfield code="c">1748000</subfield>
  </datafield>
  <datafield tag="082" ind1=" " ind2=" ">
   <subfield code="a">664.001579</subfield>
  </datafield>
  <datafield tag="082" ind1=" " ind2=" ">
   <subfield code="b">R263</subfield>
  </datafield>
  <datafield tag="100" ind1=" " ind2=" ">
   <subfield code="a">Ray, Bibek</subfield>
  </datafield>
  <datafield tag="245" ind1=" " ind2="0">
   <subfield code="a">Fundamental food microbiology</subfield>
  </datafield>
  <datafield tag="245" ind1=" " ind2="0">
   <subfield code="c">Bibek Ray, Arun Bhunia</subfield>
  </datafield>
  <datafield tag="260" ind1=" " ind2=" ">
   <subfield code="a">Boca Raton</subfield>
  </datafield>
  <datafield tag="260" ind1=" " ind2=" ">
   <subfield code="b">CRS Press, Taylor &amp; Francis Group, an informa business</subfield>
  </datafield>
  <datafield tag="260" ind1=" " ind2=" ">
   <subfield code="c">2014</subfield>
  </datafield>
  <datafield tag="520" ind1=" " ind2=" ">
   <subfield code="a">Preface to the Fifth Edition The golden era of food microbiology has begun. All three areas of food microbiology, beneficial, spoilage, and pathogenic microbiology, are expanding and progressing at an incredible pace; thus, it is difficult for one to stay abreast of new developments. A genuine attempt has been made to capture those developments in this new edition. Spoilage-causing microorganisms are a major concern. To feed the growing population in the world, microbial food spoilage must be reduced, and improved intervention technologies must be developed. To achieve that goal, it is necessary to understand the problems; that would help to develop effective control methods for different types of foods, especially using the hurdle concept. In the past decade, foodborne pathogens have broadened their association with varieties of foods that were unexpected, such as Salmonella in peanut butter, fish, and spices; Listeria monocytogenes in cantaloupe and celery; and a new strain of Shiga-toxin producing Escherichia coli (O104:H4) with sprouts. To have a greater understanding of pathogen association in preharvest plants and meat animals, the concerted efforts of plant biologists, animal scientists, soil chemists, environmental scientists, agriculture and biological engineers, social scientists, and microbiologists are needed to address food safety and quality issues</subfield>
  </datafield>
  <datafield tag="650" ind1=" " ind2=" ">
   <subfield code="a">Food Microbiology,Foodborne Diseases,Vi sinh thực phẩm</subfield>
  </datafield>
  <datafield tag="650" ind1=" " ind2=" ">
   <subfield code="x">Prevention &amp; control</subfield>
  </datafield>
  <datafield tag="910" ind1=" " ind2=" ">
   <subfield code="a">le cam van,Hải</subfield>
  </datafield>
  <datafield tag="980" ind1=" " ind2=" ">
   <subfield code="a">Trung tâm Học liệu Trường Đại học Cần Thơ</subfield>
  </datafield>
 </record>
</collection>
